000 00628nam a2200277Ia 4500
005 20260324151031.0
008 008 260324s9999 xx 000 0 eng d
020 _a9780429457203
037 _aEBOOK
040 _aCRL
040 _beng
040 _cCRL
041 _2eng
041 _aeng
084 _qCRL
100 _aPercival Lowell
_91228488
245 4 _aThe Soul of the Far East
260 _bTaylor and Francis
260 _c1908
365 _a
365 _b180
856 _uhttp://www.taylorfrancis.com/books/9780429457203
942 _cEBOOK
999 _c1838931
_d1838931